000 00265nam a22001097a 4500
041 _aENG
245 _aSpecification For Power- Operated Pneumatic Sprayer- Cum -Duster
260 _aNew Delhi
_bBIS
_c1987
300 _a12
650 _aBIS Code
856 _uBIS Code
999 _c2085
_d2085